00373nam a2200145Ia 4500003000400000008004100004040001600045082001500061100001900076245005000095260004200145300001000187650001000197650002000207GCL140319s9999 xx 000 0 eng d aGCL / cGCL04a304.4bH S1 aHAMNETT, CHRIS10aSOCIAL GEOGRAPHY: A READER / cHAMNETT, CHRIS a[S.N] : bARNOLD PUBLISHERS ، c1996 a372 P04aWOMEN04aHUMAN GEOGRAPHY